书目信息 |
| 题名: |
热力学第一和第二定律
|
|
| 作者: | 严济慈 编著 | |
| 分册: | ||
| 出版信息: | 北京 人民教育出版社 1978 |
|
| 页数: | 166页 | |
| 开本: | 19cm | |
| 丛书名: | ||
| 单 册: | ||
| 中图分类: | O414.11 | |
| 科图分类: | ||
| 主题词: | 热力学--定律 | |
| 电子资源: | ||
| ISBN: | 13012.0144 | |
| 000 | 00647nam0 2200229 450 | |
| 001 | 0178006038 | |
| 005 | 20100712215447.0 | |
| 010 | @a13012.0144@dCNY0.41 | |
| 091 | @a13012.0144 | |
| 100 | @a19950726d1978 em y0chiy0110 ea | |
| 101 | 0 | @achi |
| 102 | @aCN@b110000 | |
| 105 | @ay z 000yy | |
| 106 | @ar | |
| 200 | 1 | @a热力学第一和第二定律@9Re Li Xue Di Yi He;Huo;Hu Di Er Ding Lu^ @f严济慈编著 |
| 210 | @a北京@c人民教育出版社@d1978 | |
| 215 | @a166页@d19cm | |
| 606 | 0 | @a热力学@x定律 |
| 690 | @aO414.11@v3 | |
| 701 | 0 | @a严济慈@9yan ji ci@f(1900~1996.11)@4编著 |
| 801 | 0 | @aCN@bAzMarc@c20130904 |
| 905 | @aBZT@dO414.11@e1@f1@sO414.11/1 | |
| 热力学第一和第二定律/严济慈编著.-北京:人民教育出版社,1978 |
| 166页;19cm |
| ISBN 13012.0144:CNY0.41 |
| ● |
| 相关链接 |
|
|
|
正题名:热力学第一和第二定律
索取号:O414.11/1
 
预约/预借
| 序号 | 登录号 | 条形码 | 馆藏地/架位号 | 状态 | 备注 |
| 1 | 2000033957 | 2000033957 | 旧书回溯/ [索取号:O414.11/1] | 在馆 |